Statistiques concernant Pokémon 5G : du Français vers l'Anglais

Cliquez ici pour prendre le quiz!

Statistiques générales

  • Ce quiz a été pris 45 fois
  • Le résultat moyen est 51 sur 156

Statistiques - réponses

FrançaisAnglais% Correct
1VictiniVictini
100%
156GenesectGenesect
79%
154KeldeoKeldeo
79%
153KyuremKyurem
79%
155MeloettaMeloetta
79%
150ReshiramReshiram
79%
151ZekromZekrom
79%
78ZoroarkZoroark
69%
77ZoruaZorua
69%
94EmolgaEmolga
62%
24MunnaMunna
62%
4MajaspicSerperior
62%
152DémétérosLandorus
59%
5GruikuiTepig
59%
146TerrakiumTerrakion
59%
7RoitiflamEmboar
55%
145CobaltiumCobalion
52%
105NoacierFerrothorn
52%
142TrioxhydreHydreigon
52%
2VipélierreSnivy
52%
147ViridiumVirizion
48%
8MoustillonOshawott
45%
10ClamiralSamurott
45%
52BrutapodeScolipede
45%
148BoréasTornadus
45%
38NanméouïeAudino
41%
33GigalitheGigalith
41%
107ClicKlang
41%
56FragiladyLilligant
41%
54FarfaduvetWhimsicott
41%
101MamanboAlomomola
38%
116LugulabreChandelure
38%
62DarumachoDarmanitan
38%
61DarumarondDarumaka
38%
9MateloutreDewott
38%
37MinotaupeExcadrill
38%
104GrindurFerroseed
38%
83SidérellaGothitelle
38%
106TicKlink
38%
108CliticlicKlinklang
38%
127ShaofouineMienshao
38%
19FeuiloutanSimisage
38%
149FulgurisThundurus
38%
91SorbouboulVanilluxe
38%
144PyraxVolcarona
38%
98GauletAmoonguss
34%
74AéroptéryxArcheops
34%
117CoupenotteAxew
34%
57BargantuaBasculin
34%
133FrisonBouffalant
34%
70TutankaferCofagrigus
34%
122HexagelCryogonal
34%
119TranchodonHaxorus
34%
25MushanaMusharna
34%
125LimondeStunfisk
34%
30ZéblitzZebstrika
34%
124LimaspeedAccelgor
31%
132ScalproieBisharp
31%
53DoudouvetCottonee
31%
140SolochiDeino
31%
103MygavoltGalvantula
31%
14PonchienHerdier
31%
13PonchiotLillipup
31%
63MaracachiMaractus
31%
126KungfouineMienfoo
31%
11RatentifPatrat
31%
3LianajaServine
31%
21FlamoutanSimisear
31%
15MastouffeStoutland
31%
88LakmécygneSwanna
31%
28DéflaisanUnfezant
31%
90SorboulVanillish
31%
89SorbébéVanillite
31%
135GueriaigleBraviary
28%
41BétochefConkeldurr
28%
139FermiteDurant
28%
97TrompignonFoongus
28%
129GringolemGolett
28%
102StatitikJoltik
28%
143PyronilleLarvesta
28%
17LéopardusLiepard
28%
18FeuillajouPansage
28%
20FlamajouPansear
28%
55ChlorobulePetilil
28%
6GrotichonPignite
28%
16ChacripanPurrloin
28%
93HaydaimSawsbuck
28%
23FlotoutanSimipour
28%
84NucléosSolosis
28%
27ColombeauTranquill
28%
12MiradarWatchog
28%
141DiamatZweilous
28%
73ArkéaptiArchen
24%
121PolagriffeBeartic
24%
29ZébibronBlitzle
24%
32GéolitheBoldore
24%
72MégapagosCarracosta
24%
65CrabaraqueCrustle
24%
92VivaldaimDeerling
24%
85MéiosDuosion
24%
64CrabicoqueDwebble
24%
96LançargotEscavalier
24%
118IncisacheFraxure
24%
99ViskuseFrillish
24%
76MiasmaxGarbodor
24%
130GolemastocGolurk
24%
81ScrutellaGothita
24%
100MoyadeJellicent
24%
60CrocoribleKrookodile
24%
137VaututriceMandibuzz
24%
22FlotajouPanpour
24%
86SymbiosReuniclus
24%
31NodulitheRoggenrola
24%
46KaracléeSawk
24%
44CrapustuleSeismitoad
24%
47LarveyetteSewaddle
24%
68CryptéroSigilyph
24%
45JudokrakThroh
24%
71CarapagosTirtouga
24%
50VenipatteVenipede
24%
69TutafehYamask
24%
113NeitramBeheeyem
21%
120PolarhumeCubchoo
21%
36RototaupeDrillburr
21%
128DrakkarminDruddigon
21%
111OhmassacreEelektross
21%
112LewsorElgyem
21%
40OuvrifierGurdurr
21%
114FunécireLitwick
21%
43BatracnéPalpitoad
21%
131ScalpionPawniard
21%
26PoichigeonPidove
21%
58MascaïmanSandile
21%
67BaggaïdScrafty
21%
123EscargaumeShelmet
21%
48CouverdureSwadloon
21%
35RhinoloveSwoobat
21%
39CharpentiTimburr
21%
75MiamiasmeTrubbish
21%
51ScobolideWhirlipede
21%
34ChovsourirWoobat
21%
80PashmillaCinccino
17%
87CouanetonDucklett
17%
110LampéroieEelektrik
17%
82MesmérellaGothorita
17%
138AflamanoirHeatmor
17%
95CarabingKarrablast
17%
59EscrocoKrokorok
17%
49ManternelLeavanny
17%
79ChinchidouMinccino
17%
134FuraiglonRufflet
17%
66BaggiguaneScraggy
17%
42TritondeTympole
17%
109AnchwattTynamo
17%
136VostournoVullaby
17%
115MélancoluxLampent
14%

Distribution des résultats

Percentile par nombre de réponses

% des personnes avec chaque résultat

Votre développement - résultats

Vous n’avez pas pris ce quiz